Loading...

റാണി /

Bibliographic Details
Main Author: കരുണാകരന്‍, തിരുനല്ലൂര്‍
Other Authors: Karunakaran, Thirunalloor
Format: Printed Book
Language:English
Published: കൊല്ലം : സൈന്ധവ ബുക്സ്, 2007.
Edition:26th ed.
Subjects:
LEADER 00758nam a22001937a 4500
008 140807b xxu||||| |||| 00| 0 eng d
999 |c 7487  |d 7487 
082 |a 894.11   |b KAR 
100 |a കരുണാകരന്‍, തിരുനല്ലൂര്‍ 
240 |a Rani 
245 |a റാണി /  |c തിരുനല്ലൂര്‍ കരുണാകരന്‍ 
250 |a 26th ed. 
260 |a കൊല്ലം :  |b സൈന്ധവ ബുക്സ്,  |c 2007. 
300 |a 23p. 
650 |a Poems 
650 |a കവിത 
700 |a Karunakaran, Thirunalloor 
942 |2 ddc  |c BK 
952 |0 0  |1 0  |2 ddc  |4 0  |6 894_110000000000000_KAR  |7 0  |9 10541  |a MAIN  |b MAIN  |d 2014-08-07  |e Saindhava Books, Kollam  |g 25.00  |o 894.11 KAR  |p 10588  |r 2014-08-07  |t 1  |w 2014-08-07  |y BK